000 00582nam a2200169Ia 4500
008 220216s9999 xx 000 0 und d
100 _aChambon Beneedicte
245 0 _aFirst results form an experiment on on-farm planting material production in Cameroon
260 _bPreprints of Papers. International Natural Rubber Conference 13-14 November 2006, Vietnam, pp.275.
650 _aCameroon
650 _aOn-farm planting material
700 _aEschbach Jean-Marie
700 _aGobina Simon
700 _aMonono Samuel
700 _aNdongo Pierre-Andre Owona
942 _cJS
999 _c59443
_d59443